The american peoples encyclopedia

Uloženo v:
Podrobná bibliografie
Hlavní autoři: Chouinard, Carroll (Autor), Wallace, W. Stewart (Autor), Scott, Walter Dill (Autor), Meine, Franklin J (Autor)
Médium: Kniha
Jazyk:angličtina
Vydáno: Chicago Spencer Press, Inc. 1960
Vydání:1a. ed
Témata:
Tagy: Přidat tag
Žádné tagy, Buďte první, kdo vytvoří štítek k tomuto záznamu!

MARC

LEADER 00000cam a2200000 a 4500
001 UCD4211
003 CL-VaPUC
008 160701e19600000us |||||||||||||||||eng|d
082 0 4 |a 031  |b CHO  |2 21 
100 0 |a Chouinard, Carroll  |e author  |9 587841 
700 0 |a Wallace, W. Stewart  |e author  |9 587842 
700 0 |a Scott, Walter Dill  |e author  |9 587843 
700 0 |a Meine, Franklin J  |e author  |9 587844 
245 1 4 |a The american peoples encyclopedia 
250 |a 1a. ed 
300 |a v 
942 |c BK 
945 |d 20160701 20:49:00  |a dcastane 
260 |a Chicago  |b Spencer Press, Inc.  |c 1960 
500 |a v.6: concession to design 
650 0 |a Enciclopedias  |9 264135 
650 0 |a Diccionarios  |9 256200 
583 |a last modification  |c 20160701 20:49:00  |k Rodrigo Vera 
999 |c 365153  |d 365151 
952 |0 0  |1 0  |3 erd  |4 0  |6 031_000000000000000_CHO_1960  |7 0  |8 A  |9 478900  |a FDOHBE  |b FDOHBE  |e Huesbe Llanos, Marco Antonio, 1934-  |h v.6  |i 5332605  |o 031 CHO 1960  |p 5332605  |r 2024-01-30  |w 2019-11-24  |y BK  |z Catalogado en:20160701  |k HBE